[Event "ISR-ch op"]
[Site "Acre"]
[Date "2024.01.24"]
[Round "4"]
[White "Dezent, Eyal"]
[Black "Tzidkiya, Yeshaayahu"]
[Result "0-1"]
[WhiteElo "1947"]
[BlackElo "2448"]
[PlyCount "76"]
[EventDate "2024.01.21"]
[EventType "swiss"]
[EventRounds "9"]
[EventCountry "ISR"]
[SourceTitle "CB05_2024"]
[SourceDate "2024.01.31"]
[SourceVersion "1"]
[SourceVersionDate "2024.01.31"]
[SourceQuality "1"]

1. d4 Nf6 2. Bg5 Ne4 3. Bf4 c5 4. f3 Nf6 5. dxc5 Nc6 6. e4 Qa5+ 7. Nc3 Qxc5 8. Qd2 Qa5 9. 0-0-0 a6 10. Bc4 d6 11. Nge2 g6 12. Bh6 Ne5 13. Bb3 Bxh6 14. Qxh6 Be6 15. Nd5 Bxd5 16. exd5 Rc8 17. Kb1 Nc4 18. Bxc4 Rxc4 19. Nc3 Rxc3 20. Rhe1 Rc8 21. Qg7 Kd7 22. Qxf7 Rce8 23. c4 Qc5 24. Re6 Rhf8 25. Rxe7+ Rxe7 26. Qxf8 Ne8 27. Qf4 Qf2 28. Rd2 Qf1+ 29. Kc2 Ng7 30. g4 g5 31. Qd4 Qxf3 32. Rf2 Re2+ 33. Rxe2 Qxe2+ 34. Kc3 Ne8 35. Qb6 Kc8 36. Qd4 Qxh2 37. Kd3 Qg3+ 38. Kc2 Qe5 0-1